LEADER 01043nam a2200217 i 4500 001 000000171710 003 CaOOAMICUS 005 20080508000000.0 008 080508s1942 it u000 u ita u 013 $a149142 040 $aSeMil$bita 100 1 $aChateaubriand, François René : de,$d<1768-1848>.$0(OLS)http://semarc/name/7109 245 10$aAtala - Renato :$ble avventure dell'ultimo degli abenceragi /$cF. R. Di Chateaubriand ; A cura di Carlo Bernardi. 260 $aTorino :$bUnione Tipografico-Editrice Torinese,$c1942. 300 $a207 p., [1] p. di ritratto ;$c19 cm. 500 $aIn mezzo al front : Ristampa stereotipa della 1° edizione 1935-XIII. 700 1 $aBernardi, Carlo.$0(OLS)http://semarc/name/8810 850 $aSeMil 852 $aSeMil$W1$xVenegono$y1$m1W II 55$j122574$B122574$CSeMilBibl$Z2$F133929 $81 996 $6245$aAtala - Renato :$ble avventure dell'ultimo degli abenceragi$9(OLS)http://semarc/title/245706 996 $6260$aTorino :$bUnione Tipografico-Editrice Torinese$9(OLS)http://semarc/publisher/29628 LEADER 01412nam a2200265 4500 001 000000354235 003 CaOOAMICUS 005 20230613121316.0 008 230613s2022 it 000 u ita r 020 $a978-88-311-7063-5 040 $aSeMil$bita 100 1 $aBertolasi, Tommaso.$0(OLS)http://semarc/name/117721 245 13$aIl pensare crocefisso :$bl'esperienza di Francesco a La Verna nell'Itinerarium di Bonaventura /$cTommaso Bertolasi. 264 1$aFigline ed Incisa Valdarno :$bIstituto Universitario Sophia ;$aRoma :$bCittà Nuova,$c2022. 300 $aIX, 221 p. ;$c21 cm 490 1 $aTracce / Istituto universitario Sophia ;$v14 650 4$aBonaventura : da Bagnorea . Itinerarium mentis in Deum.$0(OLS)http://semarc/subject/14701 830 0$aTracce / Istituto universitario Sophia ;$v14.$0(OLS)http://semarc/title/433049 850 $aSeMil 852 $aSeMil$W1$xVenegono$y1$m2NA D 14$j241424$B245479$CSeMilBibl$Z2$F245479 $81 996 $6020$a978-88-311-7063-5$9(OLS)http://semarc/number/298356 996 $6245$aIl pensare crocefisso :$bl'esperienza di Francesco a La Verna nell'Itinerarium di Bonaventura$9(OLS)http://semarc/title/444371 996 $6264$aFigline ed Incisa Valdarno :$bIstituto Universitario Sophia$9(OLS)http://semarc/publisher/59501 996 $6264$aRoma :$bCittà Nuova$9(OLS)http://semarc/publisher/29609